General Knowledge Pictures - Beginning 'T' - Statistics

General Stats
  • This quiz has been taken 129 times
  • The average score is 19 of 28
Answer Stats
Picture Answer % Correct
Tiger
97%
Titanic
96%
Triangle
96%
Tortoise
94%
Ticket
93%
Mother Theresa
87%
Tango
87%
Touch
85%
Turnip
83%
Traffic
80%
Torch
79%
Turkey
79%
Target
78%
Trident
77%
Thimble
70%
Thailand
66%
Theatre
65%
Tartan
62%
Tuscany
61%
Tower Bridge
60%
Taiwan
59%
Tapir
57%
Tapas
44%
Tonga
43%
Tunisia
43%
Tuvalu
39%
Tibet
33%
Peter Ilich Tchaikovsky
7%
No matching quizzes found
Score Distribution
Percent of People with Each Score
Percentile by Number Answered
Your Score History
You have not taken this quiz